000 01219nam a22003497a 4500
003 CHAP
005 20220329133524.0
008 971013s1992 r 10010 d
010 _a7381
011 _a8353
035 _a7579
040 _cCHAP
082 _a636.08063
_bC6 1992
111 0 0 _aCongreso Regional de Investigación DGETA Zona Sur (
_n2
_d: 1992, Campeche, Camp.).
_927150
245 _aResúmenes
260 _aCampeche, Camp. :
_bLa Dirección,
_c1992
300 _a88 h.
500 _a63-98
590 _aBATCH-UPD
_b10
_c20130110
_lUCH01
_h0125
590 _aBATCH-UPD
_b10
_c20130110
_lUCH01
_h2014
590 _aBATCH-UPD
_b10
_c20130409
_lUCH01
_h2120
590 _aBATCH-UPD
_b10
_c20130410
_lUCH01
_h1333
590 _aBATCH-UPD
_b10
_c20130914
_lUCH01
_h0639
590 _aCONVERSION
_b10
_c20130109
_lUCH01
_h1305
650 1 4 _aAgricultura
_xInvestigacion
_xCongresos.
_91605
650 1 4 _aBiotecnología
_xInvestigación
_xCongresos.
_912883
650 1 4 _aGanadería
_xInvestigación
_xCongresos.
_944772
710 0 _aMéxico. Dirección General de Educación Tecnológica Agropecuaria.
_976981
901 _aBK
942 _cLIBRO
949 _a636.08063 C6 1992
_bBC
_cCONG
_d-17407
_eCONG
_h83201
_i7579
_si
999 _c7381
_d7381